Michelle Pfeiffer - ethel cain - Statistics

General Stats
  • This quiz has been taken 18 times
  • The average score is 290 of 325
Answer Stats
Answer % Correct
a
100%
about
100%
all
100%
and
100%
awake
100%
be
100%
but
100%
car
100%
care
100%
care)
100%
do
100%
dont
100%
home
100%
homes
100%
i
100%
(i
100%
if
100%
ill
100%
it
100%
me
100%
my
100%
never
100%
night
100%
no
100%
not
100%
of
100%
ready
100%
the
100%
then
100%
there
100%
think
100%
thinking
100%
to
100%
who
100%
you
100%
your
100%
youre
100%
always
91%
both
91%
by
91%
cause
91%
christ
91%
could
91%
crash
91%
everything
91%
go
91%
(go)
91%
gotta
91%
in
91%
jesus
91%
keep
91%
know
91%
let
91%
life
91%
losing
91%
love
91%
miss
91%
now
91%
on
91%
right
91%
side
91%
time
91%
too
91%
track
91%
unless
91%
we
91%
with
91%
wont
91%
am
82%
another
82%
baby
82%
bags
82%
closed
82%
driving
82%
even
82%
eyes
82%
feels
82%
forever
82%
good
82%
hope
82%
its
82%
just
82%
laughed
82%
maybe
82%
mom
82%
out
82%
pack
82%
she
82%
that
82%
this
82%
together
82%
told
82%
us
82%
way
82%
will
82%
alright
73%
as
73%
(as
73%
bury
73%
easier
73%
everythings
73%
friends
73%
ghosts
73%
ghosts)
73%
half
73%
hate
73%
kids
73%
point
73%
ride
73%
still
73%
survive
73%
tangling
73%
tell
73%
we'll
73%
west
73%
whats
73%
whole
73%
wide
73%
days
64%
im
64%
jack
64%
mad
64%
obsession
64%
sick
64%
timeline
64%
try
64%
undressed
64%
without
64%
best
55%
cold
55%
fed
55%
goddamn
55%
kicking
55%
prove
55%
tomorrow
55%
wholly
55%
nights
45%
stone
45%
run
36%
fight
27%
washed
27%
idolized
18%
ruin
18%
total
18%
No matching quizzes found
Score Distribution
Percent of People with Each Score
Percentile by Number Answered
Your Score History
You have not taken this quiz